Central Library OPAC University of Rajshahi

Security for all and free enterprise : (Record no. 33999)

MARC details
000 -LEADER
fixed length control field 01108cam a22003372 4500
001 - CONTROL NUMBER
control field 33999
003 - CONTROL NUMBER IDENTIFIER
rucl marc code BD-RjUL
005 - DATE AND TIME OF LATEST TRANSACTION
control field 20211209052106.0
008 - FIXED-LENGTH DATA ELEMENTS--GENERAL INFORMATION
fixed length control field 140512s1955 enk 000 0 eng u
035 ## - SYSTEM CONTROL NUMBER
System control number (BD-RjUL)34092
040 ## - CATALOGING SOURCE
Transcribing agency OSU
Modifying agency CHS
-- OCL
-- EQO
Original cataloging agency BD-RjUL
Language of cataloging eng
041 ## - LANGUAGE CODE
Language code of text/sound track or separate title eng
082 ## - DEWEY DECIMAL CLASSIFICATION NUMBER
Classification number 301.0l
Author mark and year SEC 1955
096 ## - LOCALLY ASSIGNED NLM-TYPE CALL NUMBER (OCLC)
Classification number H 59 P459w 1955
100 1# - MAIN ENTRY--PERSONAL NAME
Personal name Wachtel, Henry I.
9 (RLIN) 103331
245 10 - TITLE STATEMENT
Title Security for all and free enterprise :
Remainder of title a summary of the social philosophy of Josef Popper-Lynkeus [pseud.] /
Statement of responsibility, etc. With an introd. by Albert Einstein.
260 ## - PUBLICATION, DISTRIBUTION, ETC. (IMPRINT)
Place of publication, distribution, etc. New York :
Name of publisher, distributor, etc. Philosophical Library,
Date of publication, distribution, etc. c1955
300 ## - PHYSICAL DESCRIPTION
Pagination xi, 162 p. :
Illustrations illus. ;
Size 23 cm.
504 ## - BIBLIOGRAPHY, ETC. NOTE
Bibliography, etc Includes bibliographies.
600 10 - SUBJECT ADDED ENTRY--PERSONAL NAME
Personal name Popper-Lynkeus, Josef,
Dates associated with a name 1838-1921.
650 #0 - SUBJECT ADDED ENTRY--TOPICAL TERM
Topical term or geographic name as entry element Social problems.
9 (RLIN) 103333
Topical term or geographic name as entry element Dreams
9 (RLIN) 103334
Topical term or geographic name as entry element Literature
9 (RLIN) 103335
Topical term or geographic name as entry element Philosophy
9 (RLIN) 103336
Topical term or geographic name as entry element Psychoanalysis
9 (RLIN) 103337
Topical term or geographic name as entry element Social Problems
9 (RLIN) 103338
700 1# - ADDED ENTRY--PERSONAL NAME
Personal name Popper-Lynkeus, Josef,
Dates associated with a name 1838-1921.
942 ## - ADDED ENTRY ELEMENTS (KOHA)
Source of classification or shelving scheme Dewey Decimal Classification
Koha item type Books
Holdings
Lost status Source of classification or shelving scheme Damaged status Not for loan Collection code Permanent Location Current Location Shelving location Date acquired Total Checkouts Full call number Date last seen Copy number Koha item type
  Dewey Decimal Classification   Not For Loan Non-fiction Central Library, University of Rajshahi Central Library, University of Rajshahi Reading Room 12/05/2014   301.0l SEC 1955 12/05/2014 C-1 Books